000 00467pab a2200169 454500
008 180718b1985 xxu||||| |||| 00| 0 eng d
100 _aDayal, Ishwar
245 _aImproving behaviour in organisations for better administrative performance
260 _c1985
300 _ap.578-585.
362 _aJul-Sep
650 _aOrganizational behaviour
650 _aOrganizations
773 _aIndian Journal of Public Administration
908 _aN
909 _a88731
999 _c88731
_d88731